Logo BPK

Biblioteka

Politechniki Koszalińskiej

Structural engineering analysis computers : (Rekord nr 23706)

Szczegóły MARC
000 -ETYKIETA REKORDU
podpole kontrolne o stałej długości 00576nam a2200181 i 4500
001 - NUMER KONTROLNY REKORDU
pole kontrolne bg
020 ## - MIĘDZYNARODOWY ZNORMALIZOWANY NUMER KSIĄŻKI - ISBN
ISBN 0070213003
040 ## - ŹRÓDŁO KATALOGOWANIA
Instytucja, która utworzyła rekord BPK
041 ## - KOD JĘZYKA
Kod języka tekstu pol
080 ## - UNIWERSALNA KLASYFIKACJA DZIESIĘTNA - UKD
UKD 624:681.322.06:519.68
920 ## - Międzynarodowy znormalizowany numer książki – ISBN
ISBN 0-07-021300-3
008 - POLE O STAŁEJ DŁUGOŚCI - DANE KONTROLNE
podpole kontrolne o stałej długości s pl f |000 0 pol
100 1# - NAZWA OSOBOWA
Nazwa osobowa FLEMING, John F.
245 #0 - TYTUŁ/ODPOWIEDZIALNOŚĆ
Tytuł Structural engineering analysis computers :
Ciąg dalszy tytułu with working programs for IBM PC and compatible systems /
Pozostałe elementy strefy tytułu i oznaczenia odpowiedzialności John F. Fleming.
260 ## - STREFA ADRESU WYDAWNICZEGO
Miejsce wydania New York [i in.] :
Nazwa wydawcy/dystrybutora McGraw-Hill Book Co,
Data publikacji, dystrybucji/powstania dokumentu 1986.
300 ## - STREFA OPISU FIZYCZNEGO
Objętość XI, 210 s. :
Inne cechy fizyczne rys., wykr. ;
Rozmiary 24 cm +
Dokument towarzyszący dyskietka.
856 ## - LOKALIZACJA I DOSTĘP DO ELEKTRONICZNYCH DOKUMENTÓW ZDALNYCH
Link (URL) http://koha.tu.koszalin.pl/cgi-bin/koha/opac-detail.pl?biblionumber=23706
Tekst linku Katalog online BPK
942 ## - DODATKOWE ELEMENTY (KOHA)
Typ dokumentu Książka
Egzemplarze
Wycofany Status egzemplarza Uszkodzony Dostępność Lokalizacja stała Lokalizacja bieżąca Miejsce przechowywania Sygnatura Kod kreskowy Typ dokumentu
      Dostępny Biblioteka Politechniki Koszalińskiej Biblioteka Politechniki Koszalińskiej Wypożyczalnia BG 33903 01159998 Książka
© 2023 Biblioteka Politechniki Koszalińskiej :: KOHA